000 00281nam a2200121Ia 4500
008 190216s9999||||xx |||||||||||||| ||und||
100 _aSumangala
245 0 _aAksha Hridayam
260 _bPoorna Pubs Kozhikode
_c1989
300 _a100p
650 _aMalayalam Novel
942 _cBK
999 _c26496
_d26496